| 000 | 00666nam a22002297a 4500 | ||
|---|---|---|---|
| 999 |
_c6273 _d6273 |
||
| 003 | AR-CdUCM | ||
| 008 | 190314b ||||| |||| 00| 0 spa d | ||
| 040 |
_aMUNICIPALIDAD PROVINCIAL DEL CUSCO _cBIBLIOTECA MUNICIPAL DEL CUSCO |
||
| 082 |
_a869.56 / _bH418 |
||
| 100 |
_aNieto, Luis _911864 |
||
| 245 | _aJavier Heraud / | ||
| 260 |
_aKosko : _c1973. |
||
| 300 |
_a21 páginas ; _c20 cm. |
||
| 500 | _aDonación familia Nieto | ||
| 505 | _aContenido: Poemas de Javier Heraud. | ||
| 650 |
_aPoemario _91041 |
||
| 650 |
_aHomenaje _91697 |
||
| 650 |
_aPoeta joven _99578 |
||
| 700 |
_aNieto, Luis (Presentación) _918022 |
||
| 942 |
_2ddc _cLIBROS |
||
| 945 | _adavv | ||